The relationship between science and aphilosophy : (Registro nro. 25432)
[ vista simple ]
| 000 -LEADER | |
|---|---|
| fixed length control field | 01067cam a2200289 i 4500 |
| 001 - CONTROL NUMBER | |
| control field | ‡25432 |
| 003 - CONTROL NUMBER IDENTIFIER | |
| control field | Mx-PuUPA |
| 005 - DATE AND TIME OF LATEST TRANSACTION | |
| control field | 20251003091853.0 |
| 008 - FIXED-LENGTH DATA ELEMENTS--GENERAL INFORMATION | |
| fixed length control field | 140415s2008 él fr 000 0 eng d |
| 020 ## - INTERNATIONAL STANDARD BOOK NUMBER | |
| International Standard Book Number | 9788820980825 |
| 040 ## - CATALOGING SOURCE | |
| Transcribing agency | Mx-PuUPA |
| Original cataloging agency | Mx-PuUPA |
| Language of cataloging | spa |
| Modifying agency | Mx-PuUPA |
| Description conventions | rda |
| 041 0# - LANGUAGE CODE | |
| Language code of text/sound track or separate title | eng |
| 111 2# - MAIN ENTRY--MEETING NAME | |
| Meeting name or jurisdiction name as entry element | Proceedings of the workshop at the Domus Sanctae Marthae |
| Date of meeting or treaty signing | (April 7-8, 2006 |
| Location of meeting | Vatican City) |
| 245 14 - TITLE STATEMENT | |
| Title | The relationship between science and aphilosophy : |
| Remainder of title | new opportunities for a fruitful dialogue / |
| Statement of responsibility, etc. | Edited by Gennaro Auletta |
| 264 #1 - PRODUCTION, PUBLICATION, DISTRIBUTION, MANUFACTURE, AND COPYRIGHT NOTICE | |
| Place of production, publication, distribution, manufacture | Vaticano City : |
| Name of producer, publisher, distributor, manufacturer | Libreria Editrice Vaticana, |
| Date of production, publication, distribution, manufacture, or copyright notice | ©2008 |
| 300 ## - PHYSICAL DESCRIPTION | |
| Extent | 213 páginas : |
| Other physical details | diagramas ; |
| Dimensions | 24 cm |
| 336 ## - CONTENT TYPE | |
| Fuente | rdacontent |
| Content type term | texto |
| Content type code | txt |
| 337 ## - MEDIA TYPE | |
| Source | rdamedia |
| Media type term | sin medio |
| Media type code | n |
| 338 ## - CARRIER TYPE | |
| Source | rdacarrier |
| Carrier type term | volumen |
| Carrier type code | nc |
| 490 0# - SERIES STATEMENT | |
| Series statement | The STOQ Project Research Series ; |
| Volume/sequential designation | 6 |
| 650 #7 - SUBJECT ADDED ENTRY--TOPICAL TERM | |
| Source of heading or term | armarc |
| Topical term or geographic name entry element | Filosofía y ciencia |
| Form subdivision | Conferencias |
| 700 1# - ADDED ENTRY--PERSONAL NAME | |
| Personal name | Auletta, Gennaro, |
| Dates associated with a name | 1957- |
| Relator term | editor |
| 9 (RLIN) | 17534 |
| 942 ## - ADDED ENTRY ELEMENTS (KOHA) | |
| Source of classification or shelving scheme | Dewey Decimal Classification |
| Koha item type | Libro |
| Classification part | 501 |
| Item part | R38 |
| Withdrawn status | Lost status | Source of classification or shelving scheme | Damaged status | Not for loan | Collection code | Home library | Current library | Shelving location | Date acquired | Source of acquisition | Total Checkouts | Full call number | Barcode | Date last seen | Price effective from | Koha item type |
|---|---|---|---|---|---|---|---|---|---|---|---|---|---|---|---|---|
| Dewey Decimal Classification | General | Centro de Estudios en Ciencia y Religión | Centro de Estudios en Ciencia y Religión | Sala general | 03/12/2013 | Compra | 501 R38 2008 | 47362 | 05/01/2026 | 03/12/2013 | Libro |